Dust settles as HSC refuses to coat asbestos legislation (Record no. 77871)

MARC details
000 -LEADER
fixed length control field 01232cab a2200217 4500
001 - CONTROL NUMBER
control field ##L135340
008 - FIXED-LENGTH DATA ELEMENTS--GENERAL INFORMATION
fixed length control field 061016n2006 000 0 eng u
035 ## - SYSTEM CONTROL NUMBER
System control number (Sirsi) u135340
041 0# - LANGUAGE CODE
Language code of text/sound track or separate title eng
100 1# - MAIN ENTRY--PERSONAL NAME
Personal name Allen, Becky
245 00 - TITLE STATEMENT
Title Dust settles as HSC refuses to coat asbestos legislation
260 ## - PUBLICATION, DISTRIBUTION, ETC.
Date of publication, distribution, etc. 2006
490 #0 - SERIES STATEMENT
Series statement Health and Safety Bulletin
Volume/sequential designation (352) October 2006, 24-26(3)
520 ## - SUMMARY, ETC.
Summary, etc. Examines changes to the existing asbestos regime, with the planned introduction of the draft Control of Asbestos at Work Regulations 2006 and accompanying Approved Codes of Practice. Highlights the main areas of controversy; the removal of work with asbestos-containing textured decorative coatings (TCs) from the licensing regime and the issue of 'sporadic and of low intensity exposure'. Looks at the difficulties faced by the HSE in interpreting responses to its consultation and outlines the findings of the Health and Safety Laboratory studies on TCs.
590 ## - LOCAL NOTE (RLIN)
Local note IKA311006, KA
650 24 - SUBJECT ADDED ENTRY--TOPICAL TERM
Topical term or geographic name entry element DRAFT CONTROL OF ASBESTOS AT WORK REGULATIONS 2006
650 24 - SUBJECT ADDED ENTRY--TOPICAL TERM
Topical term or geographic name entry element CONTROL OF ASBESTOS AT WORK REGULATIONS 2002
651 #4 - SUBJECT ADDED ENTRY--GEOGRAPHIC NAME
Geographic name GREAT BRITAIN
690 ## - LOCAL SUBJECT ADDED ENTRY--TOPICAL TERM (OCLC, RLIN)
Topical term or geographic name as entry element MANAGEMENT-HEALTH AND SAFETY-HAZARDOUS SUBSTANCES-ASBESTOS
942 ## - ADDED ENTRY ELEMENTS (KOHA)
Suppress in OPAC 0
Holdings
Withdrawn status Lost status Source of classification or shelving scheme Damaged status Not for loan Home library Current library Shelving location Date acquired Total Checkouts Full call number Barcode Date last seen Copy number Price effective from Koha item type
    Dewey Decimal Classification     London London Journal article 16/10/2006   L135340 135340-1001 06/08/2019 1 06/08/2019 Journal article